LEADER 01471nam a2200253 4500 001 000000356725 003 CaOOAMICUS 005 20240112151326.0 008 240112s2022 it a 000 u ita r 040 $aSeMil$bita 100 1 $aPieroni, Vittorio,$d<1971- >.$0(OLS)http://semarc/name/56118 245 14$aUna nuova specie di nautiloide spirale proveniente dalla Lumachella di Ghegna :$b(Calcare di Esino inferiore, Anisico superiore, Val Brembana, Bergamo) /$cVittorio Pieroni. 264 1$aBergamo :$bMuseo civico Scienze naturali Enrico Caffi,$c2022. 300 $aP. 5-12 :$bill. ;$c30 cm 500 $aEstratto da: Rivista del Museo civico di scienze naturali "Enrico Caffi", Bergamo, vol. 35, 2022. 650 4$aCefalopodi - Nautiloidi - Paleontologia.$0(OLS)http://semarc/subject/54921 650 4$aCalcare di Esino - Triassico.$0(OLS)http://semarc/subject/54915 650 4$aVal Brembana - Paleontologia.$0(OLS)http://semarc/subject/54910 850 $aSeMil 852 $aSeMil$W1$xVenegono$y1$m5B XI 8/33$j245587$B247913$CSeMilBibl$Z2$F247913 $81 961 $aPieroni, Vittorio - Omaggio 996 $6245$aUna nuova specie di nautiloide spirale proveniente dalla Lumachella di Ghegna :$b(Calcare di Esino inferiore, Anisico superiore, Val Brembana, Bergamo)$9(OLS)http://semarc/title/446982 996 $6264$aBergamo :$bMuseo civico Scienze naturali Enrico Caffi$9(OLS)http://semarc/publisher/61456 LEADER 01126nam a2200241 i 4500 001 000000001177 003 CaOOAMICUS 005 20180830125434.0 008 180830s1961 fr u000 u und u 040 $aSeMil$bita 100 1 $aLaurentin, René,$d<1917-2017>.$0(OLS)http://semarc/name/89095 245 10$aLourdes :$bhistoire authentique des apparitions /$cRené Laurentin. 260 $aParis :$bLethielleux,$c1961-1964. 300 $a6 v. ;$c26 cm. 650 4$aMadonna - Lourdes - Storia.$0(OLS)http://semarc/subject/412 774 0 $tTrois dernières apparitions.$g6$w()66578 774 0 $tStructure des témoignages état de la question.$g1$w()67141 774 0 $tEnfance de Bernardette et le trois premières apparitions, 7 janvier 1844-18 février 1858.$g2$w()67142 774 0 $tQuinzaine des apparitions. Problèmes fondamentaux.$g3$w()67143 774 0 $tQuinzaine au jour le jour.$g4$w()67169 774 0 $tQuinzaine au jour le jour.$g5$w()67170 996 $6245$aLourdes :$bhistoire authentique des apparitions$9(OLS)http://semarc/title/1913 996 $6260$aParis :$bLethielleux$9(OLS)http://semarc/publisher/30156